Guía práctica castellano-inglés de correspondencia comercial /

Obra que consta de 450 entradas claves en español, relacionadas con la correspondencia de oficina o comercial, ordenadas alfabéticamente: inicia desde la voz A parir de y términa en Zona. En cada entrada se presentan ejemplos de frases en español e inglés, relacionadas con cada una de ellas.

Gorde:
Xehetasun bibliografikoak
Egile nagusia: Cantore, Amilcare (autor)
Formatua: Liburua
Hizkuntza:gaztelania
Argitaratua: Bilbao, España : Deusto, 2000, c2000
Gaiak:
Etiketak: Etiketa erantsi
Etiketarik gabe, Izan zaitez lehena erregistro honi etiketa jartzen!

MARC

LEADER 00000nam^a2200000^a^4500
001 000278226
005 20250521000000.0
009 20260310111400.098
020 |a 84-234-1772-7 
037 |a Acervo ITESO - Biblioteca 
041 |a ESP 
082 |a 808. 066651  |b CAN 
100 |a Cantore, Amilcare  |e (autor) 
245 1 0 |a Guía práctica castellano-inglés de correspondencia comercial /  |c A. Cantore. 
264 4 |a Bilbao, España :  |b Deusto,  |c 2000, c2000 
300 |a 236 p. 
336 |a texto  |b txt  |2 rdacontenido 
337 |a sin mediación  |b n  |2 rdamedio 
338 |a volumen  |b nc  |2 rdasoporte 
520 |a Obra que consta de 450 entradas claves en español, relacionadas con la correspondencia de oficina o comercial, ordenadas alfabéticamente: inicia desde la voz A parir de y términa en Zona. En cada entrada se presentan ejemplos de frases en español e inglés, relacionadas con cada una de ellas. 
649 |a XX 
650 |a Correspondencia de Negocios -  |x Tema Principal 
650 |a Comunicación Escrita 
650 |a Comunicación Organizacional 
650 |a Ciencias Administrativas 
650 |a Inglés -  |x Términos y Frases 
650 |a Inglés -  |x Composición y Ejercicios 
650 |a Lenguas Germánicas 
650 |a Lenguas Indo-Europeas 
650 |a Lingüística 
910 |a Fondo General 
920 |a Impresos - Libros 
930 |a Colección General 
940 |a Literatura 
905 |a 101 
901 |a 0500163476  |b IT1  |c LIT  |u 20250521 
902 |a https://opac.biblio.iteso.mx/vufind/Record/000278226